[Event "Al Ain op 4th"]
[Site "Al Ain"]
[Date "2015.12.29"]
[Round "8"]
[White "Pirverdiyev, Agil"]
[Black "Anurag, Mhamal"]
[Result "1/2-1/2"]
[WhiteElo "2311"]
[BlackElo "2390"]
[PlyCount "111"]
[EventDate "2015.12.23"]
[EventType "swiss"]
[EventRounds "9"]
[EventCountry "UAE"]
[SourceTitle "CBM 170 Extra"]
[Source "ChessBase"]
[SourceDate "2016.02.25"]
[SourceVersion "1"]
[SourceVersionDate "2016.02.25"]
[SourceQuality "1"]

1. e4 e5 2. Nf3 Nc6 3. Bb5 a6 4. Ba4 Nf6 5. 0-0 Be7 6. Re1 b5 7. Bb3 d6 8. c3 0-0 9. h3 Nb8 10. d4 Nbd7 11. Nbd2 Bb7 12. a4 c5 13. Bc2 Re8 14. dxe5 dxe5 15. b3 Qb6 16. Qe2 Nh5 17. Nf1 Nf4 18. Bxf4 exf4 19. e5 Nf8 20. Be4 Ng6 21. N1d2 Rad8 22. axb5 axb5 23. Bxb7 Qxb7 24. Ra5 Rb8 25. Qd3 Qb6 26. Raa1 Rbd8 27. Qf5 Bf8 28. Ng5 Qb7 29. e6 fxe6 30. Rxe6 Qxg2+ 31. Kxg2 Nh4+ 32. Kf1 Nxf5 33. Rxe8 Rxe8 34. Nge4 b4 35. Rc1 Rd8 36. Ke2 bxc3 37. Rxc3 Nd4+ 38. Kf1 Nb5 39. Rc4 Rd3 40. f3 Nd4 41. Rc3 Re3 42. h4 h5 43. Kg2 Be7 44. Kh3 Kf7 45. Kg2 Nf5 46. Rc4 Nxh4+ 47. Kf2 Nf5 48. Nxc5 Bh4+ 49. Kg1 Bg3 50. Re4 h4 51. Ne6 Rd3 52. Nc4 Rxb3 53. Nxf4 g5 54. Nh3 Rb1+ 55. Kg2 Kf6 56. Rg4 1/2-1/2

[Event "Al Ain op 4th"]
[Site "Al Ain"]
[Date "2015.12.28"]
[Round "7"]
[White "Swayams, Mishra"]
[Black "Pirverdiyev, Agil"]
[Result "1/2-1/2"]
[WhiteElo "2477"]
[BlackElo "2311"]
[PlyCount "61"]
[EventDate "2015.12.23"]
[EventType "swiss"]
[EventRounds "9"]
[EventCountry "UAE"]
[SourceTitle "CBM 170 Extra"]
[Source "ChessBase"]
[SourceDate "2016.02.25"]
[SourceVersion "1"]
[SourceVersionDate "2016.02.25"]
[SourceQuality "1"]

1. d4 Nf6 2. Nf3 e6 3. c4 b6 4. a3 Bb7 5. Nc3 d5 6. cxd5 Nxd5 7. Qc2 Nxc3 8. bxc3 Be7 9. e4 0-0 10. Bd3 c5 11. 0-0 Nc6 12. Bb2 Rc8 13. Qe2 Rc7 14. Rad1 Na5 15. Ne5 Nc6 16. Nf3 Na5 17. Kh1 Qc8 18. Nd2 f5 19. f3 c4 20. Bc2 e5 21. Nb1 f4 22. dxe5 Qe6 23. g3 g5 24. Rg1 Kh8 25. gxf4 gxf4 26. a4 Qxe5 27. Na3 a6 28. Bb1 b5 29. axb5 axb5 30. Nc2 Rcc8 31. Nd4 1/2-1/2

[Event "Al Ain op 4th"]
[Site "Al Ain"]
[Date "2015.12.25"]
[Round "3"]
[White "Gopal, Geetha Narayanan"]
[Black "Pirverdiyev, Agil"]
[Result "1/2-1/2"]
[WhiteElo "2525"]
[BlackElo "2311"]
[PlyCount "85"]
[EventDate "2015.12.23"]
[EventType "swiss"]
[EventRounds "9"]
[EventCountry "UAE"]
[SourceTitle "CBM 170 Extra"]
[Source "ChessBase"]
[SourceDate "2016.02.25"]
[SourceVersion "1"]
[SourceVersionDate "2016.02.25"]
[SourceQuality "1"]

1. e4 c5 2. Nf3 d6 3. d4 cxd4 4. Nxd4 Nf6 5. Nc3 a6 6. h3 e5 7. Nde2 b5 8. g4 b4 9. Nd5 Nxd5 10. exd5 h5 11. gxh5 Rxh5 12. a3 bxa3 13. Rxa3 Nd7 14. Bg2 Nf6 15. c4 Rb8 16. Rc3 Be7 17. 0-0 Qc7 18. f4 Bd7 19. c5 e4 20. c6 Bc8 21. Ng3 Rxd5 22. Qe2 Qb6+ 23. Kh2 Qb5 24. Re1 Rd4 25. Nxe4 Nxe4 26. Bxe4 Qxe2+ 27. Rxe2 Rbb4 28. Bf3 Rdc4 29. Rce3 Be6 30. f5 Rxc1 31. fxe6 f5 32. Ra3 Rb6 33. Kg2 Bf6 34. b4 Ke7 35. Bd5 Bd4 36. Ra4 Rb5 37. Bf3 g6 38. Rxa6 Rxb4 39. Raa2 Rb5 40. Rac2 Rc5 41. Rxc1 Rxc1 42. Bd5 Rc3 43. h4 1/2-1/2

[Event "Al Ain op 4th"]
[Site "Al Ain"]
[Date "2015.12.24"]
[Round "2"]
[White "Pirverdiyev, Agil"]
[Black "Abtini, Hasan"]
[Result "1-0"]
[WhiteElo "2311"]
[BlackElo "1992"]
[PlyCount "89"]
[EventDate "2015.12.23"]
[EventType "swiss"]
[EventRounds "9"]
[EventCountry "UAE"]
[SourceTitle "CBM 170 Extra"]
[Source "ChessBase"]
[SourceDate "2016.02.25"]
[SourceVersion "1"]
[SourceVersionDate "2016.02.25"]
[SourceQuality "1"]

1. g3 d5 2. Bg2 Nf6 3. Nf3 c6 4. 0-0 Bg4 5. c4 e6 6. d4 Nbd7 7. cxd5 exd5 8. Ne5 Bf5 9. Nc3 Bd6 10. Bf4 Qe7 11. Qb3 Nxe5 12. Bxe5 Bxe5 13. dxe5 Qxe5 14. Qxb7 0-0 15. Qxc6 Rac8 16. Qb5 Rb8 17. Qa5 Rxb2 18. Rad1 Rc2 19. Nxd5 Rxe2 20. Bf3 Bh3 21. Bxe2 Nxd5 22. Rfe1 Be6 23. Bf3 Qc3 24. Rxd5 Qxf3 25. Rd8 g6 26. Rxf8+ Kxf8 27. Qd8+ Kg7 28. Qd4+ Qf6 29. Qxa7 Bd5 30. Qa3 h5 31. Rd1 Bf3 32. Rc1 Qf5 33. Qc5 Qe4 34. Qc3+ Kh7 35. Re1 Qf5 36. a4 h4 37. a5 Bb7 38. f3 hxg3 39. hxg3 Qh3 40. Qc7 Bd5 41. a6 Qf5 42. Qf4 Qc8 43. Qh4+ Kg8 44. Rd1 Qa8 45. Qd4 1-0

[Event "Baku op"]
[Site "Baku"]
[Date "2015.10.05"]
[Round "6"]
[White "Pirverdiyev, Agil"]
[Black "Abdulov, Orkhan Javanshir"]
[Result "0-1"]
[WhiteElo "2291"]
[BlackElo "2363"]
[PlyCount "80"]
[EventDate "2015.09.30"]
[EventType "swiss"]
[EventRounds "9"]
[EventCountry "AZE"]
[SourceTitle "EXT 2019"]
[Source "ChessBase"]
[SourceDate "2018.10.10"]
[SourceVersion "1"]
[SourceVersionDate "2018.10.10"]
[SourceQuality "1"]

1. Nf3 Nf6 2. c4 g6 3. b3 Bg7 4. Bb2 d6 5. g3 0-0 6. Bg2 e5 7. d3 Nc6 8. 0-0 Re8 9. Nbd2 h6 10. a3 a5 11. Qc2 Be6 12. Rfe1 Qd7 13. d4 Bh3 14. d5 Ne7 15. e4 Nh5 16. Bh1 f5 17. exf5 Nxf5 18. c5 g5 19. Nc4 Qf7 20. Re2 Rf8 21. Ncxe5 dxe5 22. Nxe5 Bxe5 23. Rxe5 Rae8 24. Rae1 Nf6 25. Qc3 Kh7 26. Bg2 Bxg2 27. Rxf5 Bh3 28. g4 Rxe1+ 29. Qxe1 Qd7 30. Qc3 Nxd5 31. Qxh3 Nf4 32. Qf1 Rxf5 33. gxf5 Qxf5 34. Qd1 Qh3 35. Qc2+ Kg8 36. Qc4+ Kf8 37. Qe4 Qg4+ 38. Kf1 Qd1+ 39. Qe1 Qf3 40. Bg7+ Kf7 0-1

[Event "Baku op"]
[Site "Baku"]
[Date "2015.10.02"]
[Round "3"]
[White "Pirverdiyev, Agil"]
[Black "Rasulov, Vugar Ural Oglu"]
[Result "0-1"]
[WhiteElo "2291"]
[BlackElo "2495"]
[PlyCount "60"]
[EventDate "2015.09.30"]
[EventType "swiss"]
[EventRounds "9"]
[EventCountry "AZE"]
[SourceTitle "EXT 2019"]
[Source "ChessBase"]
[SourceDate "2018.10.10"]
[SourceVersion "1"]
[SourceVersionDate "2018.10.10"]
[SourceQuality "1"]

1. e4 c5 2. Nf3 d6 3. d4 cxd4 4. Nxd4 Nf6 5. Nc3 a6 6. Bg5 Nbd7 7. Qf3 Qa5 8. h4 h6 9. Nb3 Qc7 10. Bf4 Ne5 11. Qe2 e6 12. Nd2 b5 13. a3 Be7 14. g3 Bb7 15. Bg2 0-0 16. 0-0 Nfd7 17. Be3 Nb6 18. Bd4 Nc6 19. Be3 Rfd8 20. Kh1 b4 21. axb4 Nxb4 22. Na4 Nxa4 23. Rxa4 d5 24. Qg4 h5 25. Qxh5 Qxc2 26. Bg5 Qxa4 27. Bxe7 Rd7 28. Qg5 f6 29. Bxf6 dxe4 30. Nxe4 Qb5 0-1

[Event "Poti Aleksandria Cup 10th"]
[Site "Poti"]
[Date "2015.07.16"]
[Round "5"]
[White "Petrosyan, Manuel"]
[Black "Pirverdiyev, Agil"]
[Result "1-0"]
[WhiteElo "2449"]
[BlackElo "2313"]
[PlyCount "61"]
[EventDate "2015.07.13"]
[EventType "swiss"]
[EventRounds "9"]
[EventCountry "GEO"]
[SourceTitle "CBM 167 Extra"]
[Source "ChessBase"]
[SourceDate "2015.09.14"]
[SourceVersion "1"]
[SourceVersionDate "2015.09.14"]
[SourceQuality "1"]

1. Nf3 d5 2. d4 Nf6 3. c4 e6 4. Nc3 Be7 5. Bg5 0-0 6. e3 b6 7. cxd5 Nxd5 8. Nxd5 exd5 9. Bxe7 Qxe7 10. Be2 Bb7 11. 0-0 c5 12. dxc5 bxc5 13. Rc1 Nd7 14. Qb3 Bc6 15. Qa3 a5 16. Nd4 Bb7 17. Nb3 Rfc8 18. Bg4 a4 19. Nd4 Ra5 20. Bxd7 Qxd7 21. Nb3 axb3 22. Qxa5 d4 23. Rxc5 bxa2 24. Rxc8+ Qxc8 25. h3 d3 26. Qxa2 Qc6 27. f3 Qc5 28. b4 Qxb4 29. Rb1 d2 30. Rxb4 d1Q+ 31. Kf2 1-0